| 000 | 00000nam 2200000zi 4500 |
| 001 | 9.947765 |
| 003 | CaOODSP |
| 005 | 20250423101221 |
| 006 | m o d f |
| 007 | cr |n||||||||| |
| 008 | 250205t20252025onca o f00| 0 fre d |
| 020 | |a9780660756073 |
| 040 | |aCaOODSP|bfre|erda|cCaOODSP |
| 043 | |an-cn-on |
| 086 | 1 |aM4-260/2025F-PDF |
| 245 | 02|aL'écoulement des eaux souterraines et des sources de contamination dans la partie aval du bassin versant de la rivière Grand, Ontario. |
| 264 | 1|a[Ottawa] : |bNatural Resources Canada = Ressources naturelles Canada, |c2025. |
| 264 | 4|c©2025 |
| 300 | |a1 ressource en ligne (2 pages non numérotées) : |billustrations |
| 336 | |atexte|btxt|2rdacontent/fre |
| 337 | |ainformatique|bc|2rdamedia/fre |
| 338 | |aressource en ligne|bcr|2rdacarrier/fre |
| 500 | |aPublié aussi en anglais sous le titre : Research project on groundwater flow and contamination sources in the lower portion of the Grand River watershed, Ontario. |
| 500 | |aLe n° de catalogue (M4-260/2025F) et l’ISBN (978-0-660-75608-0) de l'édition imprimée ont été copiés dans l’édition électronique. |
| 650 | 6|aEau souterraine|xÉcoulement|zOntario|zGrand, Bassin de la. |
| 650 | 6|aEau souterraine|xPollution|zOntario|zGrand, Bassin de la. |
| 710 | 1 |aCanada. |bRessources naturelles Canada, |eorganisme de publication. |
| 775 | 08|tResearch project on groundwater flow and contamination sources in the lower portion of the Grand River watershed, Ontario.|w(CaOODSP)9.947763 |
| 776 | 0#|tL'écoulement des eaux souterraines et des sources de contamination dans la partie aval du bassin versant de la rivière Grand, Ontario.|w(CaOODSP)9.947766 |
| 856 | 40|qPDF|s2.05 Mo|uhttps://publications.gc.ca/collections/collection_2025/rncan-nrcan/M4-260-2025-fra.pdf |